| 000 | 00590nam a2200205 a 4500 | ||
|---|---|---|---|
| 005 | 20220823153044.0 | ||
| 008 | 060524s2004 mx r 000 0 spa d | ||
| 020 | _a9870004504 | ||
| 035 | _aUPN01000144671 | ||
| 049 | _aCG | ||
| 050 | 4 |
_aRC489 L6 _bM6.7 |
|
| 100 | 1 | _aMorello, Raúl | |
| 245 | 1 | 3 |
_aEl sentido de la cruz en la perspectiva antropológica de Viktor Frankl / _cRaúl Morello. |
| 260 |
_aBuenos Aires : _bLumen, _c2004. |
||
| 300 | _a154 p. | ||
| 440 | 0 | _aTemas actuales | |
| 650 | 7 |
_aLogoterapia _2 _97050 |
|
| 600 | 1 | 4 |
_aFRANKL, VICTOR EMIL, _d1905-1997 |
| 905 | _aLibro | ||
| 999 |
_c116818 _d116818 |
||